Guns N Roses Top 75 Uk Hits - Statistics

General Stats
  • This quiz has been taken 25 times
  • The average score is 9 of 16
Answer Stats
Chart Position Year Answer % Correct
#4 1992 November Rain
91%
#24 1987/1988 Welcome to the Jungle
91%
#6 1988/1989 Sweet Child O Mine
86%
#5 1991 Live and Let Die
68%
#3 1991 You Could be Mine
68%
#6 1989 Paradise City
64%
#27 2008 Chinese Democracy
59%
#8 1991 Don't Cry
59%
#10 1989 Patience
59%
#11 1993 Civil War
55%
#2 1992 Knockin on Heaven's Door
45%
#17 1988/1989 Nightrain
45%
#8 1992 Yesterdays
36%
#10 1994 Since I Don't Have You
32%
#9 1995 Sympathy For The Devil
32%
#9 1993 Ain't It Fun
23%
No matching quizzes found
Score Distribution
Percent of People with Each Score
Percentile by Number Answered
Your Score History
You have not taken this quiz